Independent Evaluation Office annual report 2004

Guardado en:
Detalles Bibliográficos
Formato: Libro
Lenguaje:inglés
Publicado: Washington, D.C. IMF 2004
Materias:
Etiquetas: Agregar Etiqueta
Sin Etiquetas, Sea el primero en etiquetar este registro!

MARC

LEADER 00000nam$a2200000$$$4500
001 0028661
005 20240315115443.7
020 |a 1-58906-436-4 
041 0 |a eng 
044 |a US 
245 1 0 |a Independent Evaluation Office annual report 2004 
264 1 |a Washington, D.C.  |b IMF  |c 2004 
300 |a 44 s. 
610 2 0 |a Medzinárodný menový fond 
610 2 0 |a aktivita hospodárska 
610 2 0 |a programy rozvojové